|
|
|
|
| LEADER |
01590nam a2200373 a 4500 |
| 001 |
38239 |
| 003 |
BD-DhAAL |
| 005 |
20220328135437.0 |
| 008 |
220328t1998 ii b 001 0 ben d |
| 999 |
|
|
|c 43904
|d 43904
|
| 010 |
|
|
|a 98904801
|
| 020 |
|
|
|a 8172157819
|
| 025 |
|
|
|a I-B-98-904801; 20
|
| 037 |
|
|
|b Library of Congress -- New Delhi Field Office
|c Rs100.00
|
| 040 |
|
|
|a DLC
|c DLC
|d BD-DhAAL
|
| 041 |
0 |
|
|a beneng
|
| 042 |
|
|
|a lcode
|
| 043 |
|
|
|a a-ii---
|
| 050 |
0 |
0 |
|a DS480.45
|b .T7 1998
|
| 082 |
|
|
|a 954
|
| 100 |
1 |
|
|a ত্রিপাঠী, অমলেশ,
|d ১৯২১-
|9 47493
|
| 245 |
1 |
0 |
|a স্বাধীনতার মুখ /
|c অমলেশ ত্রিপাঠী
|
| 250 |
|
|
|a প্রথম সংস্করণ
|
| 260 |
|
|
|a কলকাতা :
|b আনন্দ পাবলিশার্স,
|c ১৯৮৮.
|
| 300 |
|
|
|a ২৪৬ পৃষ্ঠা ;
|c ২৪ সে.মি.
|
| 504 |
|
|
|a গ্রন্থপঞ্জিগত নির্দেশিকা ও নির্ঘণ্ট অন্তর্ভুক্ত।
|
| 520 |
|
|
|a Historical articles chiefly on 20th century India.
|
| 541 |
|
|
|a Donated By Akbar Ali Khan
|e 38239
|
| 546 |
|
|
|a In Bengali; includes passages in English.
|
| 651 |
|
0 |
|a India
|x History
|y 20th century.
|9 47494
|
| 651 |
|
0 |
|a India
|x History.
|9 47495
|
| 852 |
|
|
|a Ayesha Abed Library
|c Akbar Ali Khan Collection
|
| 942 |
|
|
|2 ddc
|c BK
|
| 952 |
|
|
|0 0
|1 0
|2 ddc
|4 0
|6 954_000000000000000_TRI
|7 1
|9 70301
|a BRACUL
|b BRACUL
|c AAKC
|d 2022-03-28
|e Donated by Akbar Ali Khan
|l 0
|o 954 TRI
|p 3010038239
|r 2022-03-28
|t 1
|w 2022-03-28
|y BK
|